| 000 | 00905cab a2200253 4500 | ||
|---|---|---|---|
| 001 | ABS58390 | ||
| 008 | 090401t1998 xxu||||| |||| 00| 0 eng d | ||
| 035 | _a(Sirsi) u84716 | ||
| 041 | _aeng | ||
| 245 | _aPressure to perform | ||
| 260 | _c1998 | ||
| 350 | _a0 | ||
| 490 |
_aEstates Gazette _v(9808) 21 February 1998, 146-148(3) |
||
| 520 | _aDiscusses the replacement of compulsory competitive tendering of local authority services with `Best Value`. Outlines the principles and process of Best Value and considers the potential problems. warns that property advisers could be under more pressure than ever. | ||
| 650 | _aBEST VALUE | ||
| 650 | _aCCT | ||
| 650 | _aCOMPULSORY COMPETITIVE TENDERING | ||
| 650 | _aLOCAL AUTHORITIES | ||
| 650 | _aProcurement-old | ||
| 650 | _aPROPERTY ADVISERS | ||
| 690 | _aBUILT ENVIRONMENT-BUILDING CONTRACT FORMS | ||
| 942 | _n0 | ||
| 948 | _c05/03/1998 | ||
| 999 |
_c53275 _d53275 |
||